Premier League Chain #1 - Statistics

General Stats
  • This quiz has been taken 330 times
    328 since last reset
  • The average score is 11 of 16
Answer Stats
Hint Answer % Correct
Home of Liverpool Anfield
97%
Nationality of Andrew Robertson Scottish
96%
Nickname of Manchester United Red Devils
95%
Surname of Manchester City striker who recently broke goalscoring records Haaland
94%
First name of legendary Chelsea striker from the Ivory Coast Didier
92%
Brazilian title winning goalkeeper for Liverpool Alisson
80%
Nationality of Gianfranco Zola Italian
75%
Last name of Swiss midfielder who wore number 34 for Arsenal Xhaka
72%
Surname of English midfielder who moved from Leicester City to Tottenham this summer Maddison
70%
Team with the lowest points total in a Premier League season ever Derby
68%
City that is home to a Premier League side who wear red kits Nottingham
59%
First name of former Arsenal manager who is currently managing in the Premier League Unai
56%
First name of World cup winning French midfielder who won the title with 2 different teams N'Golo
55%
Name of Wolves' home ground Molineux
51%
Former Premier League team who now play in the 5th tier of English Football Oldham
39%
Nigerian striker with 95 Premier League goals Yakubu
32%
No matching quizzes found
Score Distribution
Percent of People with Each Score
Percentile by Number Answered
Your Score History
You have not taken this quiz since the last reset